UBT Library

Gender at the crossroads of knowledge : (Record no. 43597)

000 -LEADER
fixed length control field 00765cam a2200241 a 4500
001 - CONTROL NUMBER
control field 2942075
005 - DATE AND TIME OF LATEST TRANSACTION
control field 20180227071454.0
008 - FIXED-LENGTH DATA ELEMENTS--GENERAL INFORMATION
fixed length control field 900829s1991 cau b s001 0 eng
010 ## - LIBRARY OF CONGRESS CONTROL NUMBER
LC control number 90011297
020 ## - INTERNATIONAL STANDARD BOOK NUMBER
International Standard Book Number 0520070925 (alk. paper)
020 ## - INTERNATIONAL STANDARD BOOK NUMBER
International Standard Book Number 0520070933 (pbk. : alk. paper)
040 ## - CATALOGING SOURCE
Original cataloging agency DLC
Transcribing agency DLC
Modifying agency DLC
041 ## - LANGUAGE CODE
Language code of text/sound track or separate title eng
080 ## - UNIVERSAL DECIMAL CLASSIFICATION NUMBER
Universal Decimal Classification number 305.42 MIC
082 00 - DEWEY DECIMAL CLASSIFICATION NUMBER
Classification number 305.42 MIC
Edition number 20
100 ## - Rafti
Rafti 23
101 ## - Shkurtesa
Shkurtesa ANT
245 00 - TITLE STATEMENT
Title Gender at the crossroads of knowledge :
Statement of responsibility, etc edited and with an introduction by Micaela di Leonardo.
504 ## - BIBLIOGRAPHY, ETC. NOTE
Bibliography, etc Includes bibliographical references and index.
906 ## - LOCAL DATA ELEMENT F, LDF (RLIN)
a 7
b cbc
c orignew
d 1
e ocip
f 19
g y-gencatlg
942 ## - ADDED ENTRY ELEMENTS (KOHA)
Source of classification or shelving scheme
Item type Books
Holdings
Withdrawn status Lost status Source of classification or shelving scheme Damaged status Not for loan Collection code Permanent location Current location Shelving location Date acquired Total Checkouts Full call number Barcode Date last seen Price effective from Koha item type
          Koleksioni i përgjithshem UBT - Lipjan UBT - Lipjan Koleksioni i përgjithshem 02/27/2018   305.42 MIC 002-3000057 02/27/2018 02/27/2018 Books
UBT Library © 2015-2024. All rights reserved University Education for Business and Technology